| 000 | 00872cam a2200277 4500 | ||
|---|---|---|---|
| 008 | 090401t1995 xxu||||| |||| 00| 0 eng d | ||
| 020 | _a0854066780 | ||
| 035 | _a(Sirsi) u61437 | ||
| 041 | _aeng | ||
| 050 |
_a658.404 _c18 |
||
| 090 | _aRICS 1995/18ABCD | ||
| 110 |
_aRoyal Institution of Chartered Surveyors _94900 |
||
| 245 |
_aSelection and appointment of the project manager _bguidance notes. |
||
| 250 | _a2nd ed. | ||
| 260 |
_aLondon _bRICS _c1995 |
||
| 300 |
_a11p. _c30cm. |
||
| 350 | _a9.95 | ||
| 490 | _aRICS Guidance Note | ||
| 650 | _aPROJECT MANAGEMENT SKILLS PANEL | ||
| 650 | _aMANAGEMENT-PROJECT MANAGEMENT | ||
| 650 | _aPROJECT MANAGERS | ||
| 690 | _aMANAGEMENT-BUSINESS MANAGEMENT-PROFESSIONAL PRACTICE | ||
| 710 |
_aRoyal Institution of Chartered Surveyors _bProject Management Skills Panel _94508 |
||
| 942 | _n0 | ||
| 948 | _c04/03/1997 | ||
| 999 |
_c94314 _d94314 |
||